Štáty Sveta po Slovensky | Countries of the World in Slovak - Statistics

General Stats
  • This quiz has been taken 259 times
  • The average score is 111 of 196
Answers on the Map
Answers color-coded by a green-red scale on the quiz's map according to % correct below.
 
Answer Stats
Country % Correct
Spojené Štáty
95%
Slovensko
92%
Rusko
91%
Česko
90%
Kanada
90%
Francúzsko
89%
Fínsko
88%
Maďarsko
88%
Mexiko
88%
Poľsko
88%
Rakúsko
88%
Dánsko
87%
Nemecko
87%
Švédsko
87%
Taliansko
87%
Írsko
85%
Portugalsko
85%
Španielsko
85%
Čína
84%
Island
84%
Spojené Kráľovstvo
84%
Ukrajina
84%
Austrália
83%
Bielorusko
83%
Japonsko
83%
Nórsko
82%
Argentína
81%
Brazília
81%
Chorvátsko
81%
Estónsko
81%
Grécko
81%
Turecko
81%
Egypt
80%
Belgicko
79%
India
79%
Lotyšsko
79%
Madagaskar
79%
Slovinsko
79%
Švajčiarsko
79%
Bulharsko
77%
Rumunsko
77%
Bosna a Hercegovina
76%
Čile
76%
Holandsko
76%
Južná Afrika
76%
Litva
76%
Južná Kórea
75%
Irak
74%
Irán
74%
Kazachstán
74%
Albánsko
73%
Cyprus
73%
Kuba
73%
Mongolsko
73%
Severná Kórea
73%
Srbsko
73%
Maroko
72%
Niger
72%
Čierna Hora
71%
Moldavsko
71%
Nový Zéland
71%
Severné Macedónsko
69%
Vietnam
69%
Luxembursko
68%
Tunisko
68%
Filipíny
67%
Líbya
67%
Malta
67%
Pakistan
67%
Saudská Arábia
67%
Thajsko
67%
Alžírsko
65%
Nigéria
65%
Peru
65%
Venezuela
65%
Andorra
64%
Dominika
64%
Indonézia
64%
Izrael
64%
Kolumbia
64%
Kosovo
64%
Nepál
64%
Panama
64%
Sudán
64%
Vatikán
64%
Afganistan
63%
Uruguaj
63%
Konžská Demokratická Republika
62%
Bolívia
61%
Etiópia
61%
Kongo
61%
Paraguaj
61%
San Maríno
60%
Ekvádor
59%
Jamajka
59%
Keňa
59%
Monako
59%
Omán
59%
Uzbekistan
59%
Gruzínsko
58%
Somálsko
58%
Čad
57%
Srí Lanka
57%
Angola
56%
Arménsko
56%
Azerbajdžan
56%
Guinea
56%
Južný Sudán
56%
Spojené Arabské Emiráty
56%
Sýria
56%
Katar
55%
Taiwan
54%
Jemen
53%
Laos
53%
Lichtenštajnsko
53%
Mali
53%
Tanzánia
53%
Dominikánska Republika
52%
Bangladéš
51%
Bhután
50%
Haiti
50%
Jordánsko
50%
Malajzia
50%
Pobrežie Slonoviny
50%
Senegal
50%
Ghana
48%
Tadžikistan
48%
Zambia
48%
Honduras
47%
Kostarika
47%
Maldivy
46%
Namíbia
46%
Papua-Nová Guinea
46%
Togo
46%
Turkménsko
46%
Zimbabwe
46%
Guyana
44%
Kirgizsko
44%
Libanon
44%
Mauritánia
44%
Eritrea
42%
Lesotho
42%
Mjanmarsko
42%
Belize
41%
Guatemala
41%
Kambodža
41%
Singapur
41%
Bahamy
39%
Fidži
39%
Kuvajt
39%
Salvádor
39%
Bahrajn
38%
Botswana
38%
Kamerun
38%
Malawi
38%
Surinam
37%
Mozambik
36%
Nikaragua
36%
Svätá Lucia
36%
Uganda
36%
Benin
34%
Gabon
33%
Kapverdy
33%
Stredoafrická Republika
31%
Libéria
31%
Maurícius
31%
Rwanda
31%
Barbados
29%
Burkina
29%
Gambia
29%
Eswatini
28%
Guinea-Bissau
27%
Rovníková Guinea
27%
Seychely
27%
Svätý Tomáš a Princov Ostrov
26%
Marshallove Ostrovy
26%
Brunej
25%
Burundi
25%
Džibutsko
25%
Svätý Vincent a Grenadíny
25%
Grenada
24%
Sierra Leone
24%
Trinidad a Tobago
24%
Východný Timor
24%
Mikronézia
23%
Samoa
23%
Šalamúnové Ostrovy
22%
Antigua a Barbuda
21%
Palau
21%
Svätý Krištof a Nevis
21%
Tuvalu
21%
Komory
20%
Vanuatu
20%
Kiribati
19%
Tonga
19%
Nauru
18%
No matching quizzes found
Score Distribution
Percent of People with Each Score
Percentile by Number Answered
Your Score History
You have not taken this quiz